The book of Indian animals (Record no. 351745)

000 -LEADER
fixed length control field 00367cam a22001337a 4500
008 - FIXED-LENGTH DATA ELEMENTS--GENERAL INFORMATION
fixed length control field 180718b1980 xxu||||| |||| 00| 0 eng d
082 ## - DEWEY DECIMAL CLASSIFICATION NUMBER
Classification number Lc Z29x54 P887
100 ## - MAIN ENTRY--PERSONAL NAME
Personal name Prater, S.H.
245 ## - TITLE STATEMENT
Title The book of Indian animals
Statement of responsibility, etc. by S.H. Prater
250 ## - EDITION STATEMENT
Edition statement 3rd ed.
260 ## - PUBLICATION, DISTRIBUTION, ETC.
Place of publication, distribution, etc. Bombay
Name of publisher, distributor, etc. Bombay Natural History Society
Date of publication, distribution, etc. 1980
300 ## - PHYSICAL DESCRIPTION
Extent 324p.
650 ## - SUBJECT ADDED ENTRY--TOPICAL TERM
Topical term or geographic name entry element Animals - India
Holdings
Withdrawn status Lost status Damaged status Not for loan Permanent Location Current Location Date acquired Full call number Barcode Date last seen Price effective from Koha item type
        Indian Institute of Public Administration Indian Institute of Public Administration 1993-11-17 Lc Z29x54 P887 62748 2018-07-21 2018-07-21 Book

Powered by Koha